Sporcle's Easiest Premier Team (Per Letter) Quiz Stats

 Plays Quiz Updated Mar 5, 2018

Support Sporcle.
Go Orange.
Score 0/18 Timer 02:00
4 Plays Today
Hint Answer % Correct
AArsenal
97.7%
CChelsea
90.3%
MManchester United
88.1%
LLiverpool
82.9%
EEverton
77.7%
TTottenham Hotspur
70.6%
NNewcastle United
62.7%
FFulham
62.4%
QQueens Park Rangers
61.9%
Hint Answer % Correct
WWest Ham United
56.7%
BBlackburn Rovers
49.7%
IIpswich Town
47.4%
DDerby County
46%
PPortsmouth
42.8%
SSunderland
37.6%
HHull City
37.3%
OOldham Athletic
31.2%
RReading
31%

You're not logged in!

Compare scores with friends on all Sporcle quizzes.
OR
Log In

From the Vault

The Digestion Progression Challenge

by sbme

The human body is completely disgusting.
Remove Ads.
Support Sporcle.
Get the best of Sporcle when you Go Orange. This ad-free experience offers more features, more stats, and more fun while also helping to support Sporcle. Thank you for becoming a member.

Show Comments

Extras

Top Quizzes Today


Score Distribution

Your Account Isn't Verified!

In order to create a playlist on Sporcle, you need to verify the email address you used during registration. Go to your Sporcle Settings to finish the process.

Report this User

Report this user for behavior that violates our Community Guidelines.

Details: